¿Nuevo sendero para las mujeres?: microempresa y género en América Latina en el umbral del siglo XXI /
Se analiza la situación de género y la microempresa a partir de la revisión de una serie de casos de países latinoamericanos. El texto se estructura en 7 capítulos: el primero, indaga sobre las características generales del fenómeno de la microempresa; el segundo analiza los problemas de género en...
Сохранить в:
| Главный автор: | |
|---|---|
| Другие авторы: | , , , , , , |
| Формат: | |
| Язык: | Spanish |
| Опубликовано: |
Santiago, Chile:
LOM Ediciones ; Centro de Estudios de la Mujer,
2005
|
| Серии: | Ciencias Humanas Economía y género
|
| Предметы: | |
| Метки: |
Добавить метку
Нет меток, Требуется 1-ая метка записи!
|
MARC
| LEADER | 00000nam a22000007a 4500 | ||
|---|---|---|---|
| 003 | cru CIDCACS/IIS | ||
| 005 | 20210119062552.0 | ||
| 007 | ta | ||
| 008 | 170518t2004 cl ||||| |||| 00| 0 spa d | ||
| 999 | |c 19325 |d 19325 | ||
| 020 | |a 9562826627 | ||
| 040 | |c cru CIDCACS/IIS | ||
| 090 | |a 05.03.03 V161n | ||
| 100 | 1 | |9 4761 |a Valenzuela, María Elena |e editora | |
| 245 | 1 | 1 | |a ¿Nuevo sendero para las mujeres?: |b microempresa y género en América Latina en el umbral del siglo XXI / |c María Elena Valenzuela, editora |
| 260 | |a Santiago, Chile: |b LOM Ediciones ; |b Centro de Estudios de la Mujer, |c 2005 | ||
| 300 | |a 435 páginas: |b tablas, gráficos | ||
| 440 | |9 4762 |a Ciencias Humanas |p Economía y género | ||
| 520 | |a Se analiza la situación de género y la microempresa a partir de la revisión de una serie de casos de países latinoamericanos. El texto se estructura en 7 capítulos: el primero, indaga sobre las características generales del fenómeno de la microempresa; el segundo analiza los problemas de género en el contexto argentino de los años 90 al 2002; el siguiente capítulo aborda la micro y pequeña empresa en Chile durante los años 90; en el cuarto capítulo se explican las causas de la expansión del trabajo femenino, las manifestaciones de violencia y las discriminaciones de género en la microempresa de Colombia en los años 90; el siguiente apartado aborda las características personales y familiares, así como las condiciones sociolaborales de la microempresa en Ecuador; en el sexto capítulo se analizan los micronegocios en México; y en el último capítulo se revisa el papel del las microempresas y el microcrédito en Perú. | ||
| 650 | 1 | 0 | |9 4058 |a PEQUEÑAS EMPRESAS |
| 650 | 1 | 0 | |9 1519 |a TRABAJADORAS |
| 650 | 1 | 0 | |9 964 |a GENERO |
| 650 | 1 | 0 | |9 421 |a DERECHOS DE LA MUJER |
| 651 | 1 | 0 | |9 17 |a AMERICA LATINA |
| 700 | 1 | |9 4768 |a Pok, Cynthia | |
| 700 | 1 | |9 4772 |a Venegas, Sylvia | |
| 700 | 1 | |9 4773 |a Millán C., Noelba | |
| 700 | 1 | |a |9 4764 | |
| 700 | 1 | |9 4766 |a Mauro, Amalia | |
| 700 | 1 | |9 4769 |a Salas, Carlos | |
| 700 | 1 | |9 4774 |a Trivelli, Carolina | |
| 700 | 1 | |9 4765 |a Cotler, Angelina | |
| 942 | |2 ddc |c LI | ||



